Wanderlust: una historia del caminar

Saved in:
Bibliografiske detaljer
Hovedforfatter: Solnit, Rebecca (autora)
Format: Bog
Sprog:spansk
Udgivet: Salamanca, España: Capitán Swing, 2015.
Serier:Colección Entrelíneas.
Fag:
Tags: Tilføj Tag
Ingen Tags, Vær først til at tagge denne postø!

MARC

LEADER 00000cam a2200000 a 4500
001 UCE6307
003 CL-VaPUC
005 20250226152954.0
008 150402e20150300sp |||||||||||||||||spa|d
999 |c 358660  |d 358658 
020 |a 9788494367601 
040 |c Pontificia Universidad Católica de Valparaíso 
082 0 4 |a 910.4 SOL 2015  |2 21 
100 |a Solnit, Rebecca  |e autora  |9 578962 
245 1 0 |a Wanderlust: una historia del caminar 
260 |a Salamanca, España:  |b Capitán Swing,  |c 2015. 
300 |a 463 páginas.  
490 0 |a Colección Entrelíneas. 
583 |a last modification  |c 20150413 11:07:49  |k Rodrigo Vera 
650 0 |a Ciudades  |9 265474 
650 0 |a Relatos de viajes  |x Historia  |9 445424 
650 0 |a Historia de ciudades   |9 445863 
942 |c BK  |2 ddc 
945 |d 20150402 11:08:00  |a arojas 
952 |0 0  |1 0  |3 erd  |4 0  |6 910_400000000000000_SOL_2015  |7 0  |8 R  |9 467507  |a BIBART  |b BIBART  |i 5143624  |o 910.4 SOL 2015  |p 5143624  |r 2025-03-13  |w 2019-11-23  |y BK_R  |z Catalogado en:20150402  |k ART 
952 |0 0  |1 1  |3 erb  |4 0  |6 910_400000000000000_SOL_2015  |7 0  |8 A  |9 467508  |a BIBARQ  |b BIBARQ  |i 514602K  |o 910.4 SOL 2015  |p 514602K  |r 2019-11-23  |w 2019-11-23  |x Retirado en Inventario 2023  |y BK  |z Catalogado en:20150416  |k ARQ 
952 |0 0  |1 0  |3 erb  |4 0  |6 910_400000000000000_SOL_2015  |7 0  |8 A  |9 467509  |a BIBARQ  |b BIBARQ  |i 5406579  |l 1  |m 1  |o 910.4 SOL 2015  |p 5406579  |r 2025-01-20  |s 2024-10-10  |w 2019-11-23  |y BK  |z Catalogado en:20170709  |k ARQ 
952 |0 0  |1 0  |2 ddc  |4 0  |6 910_400000000000000_SOL_2015  |7 0  |8 A  |9 597601  |a BIBHIS  |b BIBHIS  |d 2024-10-25  |e 2  |g 50538.00  |i 5663084  |l 1  |m 7  |o 910.4 SOL 2015  |p 5663084  |q 2025-05-30  |r 2024-12-09  |s 2024-12-09  |t 3  |v 50538.00  |w 2024-10-25  |y BK  |k HIS 
952 |0 0  |1 0  |2 ddc  |4 0  |6 910_400000000000000_SOL_2015  |7 0  |8 A  |9 598700  |a BIBHIS  |b BIBHIS  |d 2024-12-16  |e 13  |g 29810.00  |i 5663658  |o 910.4 SOL 2015  |p 5663658  |r 2025-01-20  |t 4  |v 29810.00  |w 2024-12-16  |y BK  |k HIS 
952 |0 0  |1 0  |2 ddc  |4 0  |6 910_400000000000000_SOL_2015  |7 0  |8 A  |9 599203  |a BIBHIS  |b BIBHIS  |d 2025-01-13  |e 13  |g 29810.00  |i 5664166  |o 910.4 SOL 2015  |p 5664166  |r 2025-01-13  |t 5  |v 29810.00  |w 2025-01-13  |y BK  |k HIS